000 01128nam a2200229Ia 4500
999 _c36837
_d36837
001 2783
003 GE_BSU
005 20190507114237.0
008 181216s1998||||ge |||||||||||||| ||geo||
040 _cGE_BSU
041 _ageo
080 _a339.54(075.8) ჯ–67
100 _aჯოლია, გურამ
_9770
245 _aსაგარეო-ეკონომიკური ურთიერთობები : სახელმძღვ. ტექნ. უნ-ტის სტუდ . /
_cგურამ ჯოლია ; რედ. ალექსანდრე კუჭუხიძე.
264 _aთბილისი :
_b მეცნიერება,
_c1998.
300 _a536 გვ .:
_bცხრილები.
_c20 სმ.
653 _aსაგარეო-ეკონომიკური ურთიერთობები
653 _aმსოფლიო მეურნეობა
653 _aსაფარეო ეკონომიკა
700 _a კუჭუხიძე, ალექსანდრე
_eრედაქტორი
_9844
942 _cBK
_2udc